Atlas of cell biology / (Record no. 216494)
[ view plain ]
| 000 -LEADER | |
|---|---|
| fixed length control field | 01091nam a22002537a 4500 |
| 005 - DATE AND TIME OF LATEST TRANSACTION | |
| control field | 20260326164118.0 |
| 008 - FIXED-LENGTH DATA ELEMENTS--GENERAL INFORMATION | |
| fixed length control field | 260326b ||||| |||| 00| 0 eng d |
| 040 ## - CATALOGING SOURCE | |
| Original cataloging agency | LC |
| Transcribing agency | UNZA |
| Description conventions | RDA |
| 050 ## - LIBRARY OF CONGRESS CALL NUMBER | |
| Classification number | QH 582 |
| Item number | ROL 1977 |
| 100 ## - MAIN ENTRY--PERSONAL NAME | |
| Personal name | Roland, claude-Jean |
| Relator term | author |
| 245 ## - TITLE STATEMENT | |
| Title | Atlas of cell biology / |
| Statement of responsibility, etc. | Jean-claude Roland, D.Sc. Professeur, Universite Paris VI; Annete Szollosi, D.Sc, Maitre-Assistant, Universite pIerre et Marie Curie; Daniel Szollosi, Ph.D. Professeur Asscie, Universite Paris-sud ; Translated from the French by Salvatore F.Vitale, Ph.D. and with additional material by James D.Jamieson M.D.., Yale University School of Medicine. |
| 260 ## - PUBLICATION, DISTRIBUTION, ETC. | |
| Place of publication, distribution, etc. | Boston : |
| Name of publisher, distributor, etc. | Little, Brown and Company, |
| Date of publication, distribution, etc. | 1977. |
| 300 ## - PHYSICAL DESCRIPTION | |
| Extent | 117 pages : |
| Other physical details | illustrations. |
| 336 ## - CONTENT TYPE | |
| CONTENT TYPE | Text |
| 337 ## - MEDIA TYPE | |
| MEDIA TYPE | Unmediated |
| 338 ## - CARRIER TYPE | |
| CARRIER TYPE | Volume |
| 504 ## - BIBLIOGRAPHY, ETC. NOTE | |
| Bibliography, etc. note | Includes index. |
| 650 ## - SUBJECT ADDED ENTRY--TOPICAL TERM | |
| Topical term or geographic name entry element | Cytology |
| General subdivision | Atlases |
| 700 ## - ADDED ENTRY--PERSONAL NAME | |
| Personal name | Szollosi, Annette D.Sc. |
| Relator term | author |
| 700 ## - ADDED ENTRY--PERSONAL NAME | |
| Personal name | Szollosi, Daniel |
| Relator term | author |
| 700 ## - ADDED ENTRY--PERSONAL NAME | |
| Personal name | Vitale, Salvatore |
| Relator term | translator |
| 700 ## - ADDED ENTRY--PERSONAL NAME | |
| Personal name | Jamieson, James D. |
| Relator term | Additional material |
| 999 ## - | |
| -- | 216494 |
| -- | 216494 |
| 942 ## - ADDED ENTRY ELEMENTS (KOHA) | |
| Koha item type | Book |
| Withdrawn status | Lost status | Source of classification or shelving scheme | Damaged status | Not for loan | Collection code | Home library | Current library | Shelving location | Date acquired | Total Checkouts | Full call number | Barcode | Date last seen | Copy number | Price effective from | Koha item type |
|---|---|---|---|---|---|---|---|---|---|---|---|---|---|---|---|---|
| Library of Congress Classification | Non-fiction | Main Library | Main Library | On Shelf | 03/26/2026 | QH 582 ROL 1977 | 33729004951559 | 03/26/2026 | 1 | 03/26/2026 | Book |